Normal view
MARC view
- الإرهاب الدولي - السياسة الدولية - الارهاب - جوانب اجتماعية - مؤتمرات - عمان - الاردن
Entry Topical Term
001 - CONTROL NUMBER
- control field: 56864
003 - CONTROL NUMBER IDENTIFIER
- control field: JO-AjAnu
005 - DATE AND TIME OF LATEST TRANSACTION
- control field: 20230606083321.0
008 - FIXED-LENGTH DATA ELEMENTS
- fixed length control field: 230606|| aca||aabn | a|a d
040 ## - CATALOGING SOURCE
- Original cataloging agency: JO-AjAnu
- Transcribing agency: JO-AjAnu
150 ## - HEADING--TOPICAL TERM
- Topical term or geographic name entry element: الإرهاب الدولي - السياسة الدولية - الارهاب - جوانب اجتماعية - مؤتمرات - عمان - الاردن
670 ## - SOURCE DATA FOUND
- Source citation: Work cat.: (JO-AjAnu)29016: مؤسسة فريدريش ايبرت - عمان - الأردن, author 56863, وسائل منع ومكافحة الإرهاب في الشرق الأوسط وشمال أفريقيا وفي الغرب: أوراق ومناقشات مؤتمر